000 00307nam a2200133Ia 4500
008 190216s9999||||xx |||||||||||||| ||und||
100 _aAbdulla T
245 0 _aBanking Theory And Practice
250 _a1st Ed.
260 _bMoohim Publicaion
_c1980
300 _a455
650 _aEconomics
942 _cBK
999 _c11531
_d11531